| 000 | 01343nam a2200253 i 4500 | ||
|---|---|---|---|
| 003 | EG-ScBUE | ||
| 005 | 20240205143937.0 | ||
| 008 | 110922s1981 le f 000 0 ara d | ||
| 040 |
_aEG-ScBUE _bara _erda _cEG-ScBUE _dEG-ScBUE |
||
| 082 | 0 | 4 |
_222 _a398.2 _bس ي ر |
| 245 | 0 | 0 |
_aسيرة الأميرة ذات الهمة وولدها عبد الوهاب : _bوالأمير أبو محمد البطال وعقبة شيخ الضلال وشو مدرس المحتال : أكبر تاريخ للعرب وخلفاء بني أمية والخلفاء العباسيين / _cتأليف علي بن موسى المقانبي [وتسع آخرون]. |
| 264 | 1 |
_aبيروت : _bالمكتبة الشعبية، _c1981. |
|
| 300 |
_a7 مجلد ؛ _c22 سم |
||
| 336 |
_2rdacontent _aنص _btxt |
||
| 337 |
_aبدون وسيط _2rdamedia _bn |
||
| 338 |
_aمجلد _bnc _2rdacarrier |
||
| 505 | 0 | _aالمجلد الأول -- المجلد الثاني -- المجلد الثالث -- المجلد الرابع -- المجلد الخامس -- المجلد السادس -- المجلد السابع. | |
| 650 | 7 |
_aالأدب الشعبي العربي. _2BUEsh |
|
| 650 | 7 |
_aالقصص الشعبية. _2BUEsh |
|
| 653 | _cSeptember2011 | ||
| 655 | _vReading book | ||
| 700 | 1 |
_927332 _aمقانبي، علي بن موسى، _eمؤلف. |
|
| 942 |
_2ddc _cBB |
||
| 999 |
_c16075 _d16075 |
||